Rhymes, (Record no. 15653)

MARC details
000 -LEADER
fixed length control field 00703cam a22002291 4500
001 - CONTROL NUMBER
control field ca 22000738
003 - CONTROL NUMBER IDENTIFIER
control field DLC
005 - DATE AND TIME OF LATEST TRANSACTION
control field 20260227111110.0
007 - PHYSICAL DESCRIPTION FIXED FIELD--GENERAL INFORMATION
fixed length control field cr_|||||||||||
008 - FIXED-LENGTH DATA ELEMENTS--GENERAL INFORMATION
fixed length control field 881004s1922 caua 000 0 eng
010 ## - LIBRARY OF CONGRESS CONTROL NUMBER
LC control number ca 22000738
035 ## - SYSTEM CONTROL NUMBER
System control number (OCoLC)18562281
040 ## - CATALOGING SOURCE
Original cataloging agency DLC
Transcribing agency RPB
Modifying agency DLC
042 ## - AUTHENTICATION CODE
Authentication code premarc
050 00 - LIBRARY OF CONGRESS CALL NUMBER
Classification number PS3545.Y35
Item number R5 1922
100 1# - MAIN ENTRY--PERSONAL NAME
Personal name Wyatt, Hal.
245 00 - TITLE STATEMENT
Title Rhymes,
Statement of responsibility, etc. by Hal Wyatt ... illustrated by the author.
260 ## - PUBLICATION, DISTRIBUTION, ETC.
Place of publication, distribution, etc. Los Angeles, Calif.,
Name of publisher, distributor, etc. H. Wyatt,
Date of publication, distribution, etc. 1922.
300 ## - PHYSICAL DESCRIPTION
Extent 2 p. l., [7]-46 p.
Other physical details illus.
Dimensions 19 cm.
530 ## - ADDITIONAL PHYSICAL FORM AVAILABLE NOTE
Additional physical form available note Also available in digital form on the Internet Archive Web site.
856 41 - ELECTRONIC LOCATION AND ACCESS
Uniform Resource Identifier <a href="http://hdl.loc.gov/loc.gdc/scd0001.00184811571">http://hdl.loc.gov/loc.gdc/scd0001.00184811571</a>

No items available.

Powered by Koha